Chansons d'Angèle par indices - Statistiques

Statistiques générales
  • Ce quiz a été pris 176 fois
  • Le résultat moyen est 7 sur 16
Statistiques - réponses
Par images Réponse % Correct
Ta Reine
86%
Bruxelles, je t'aime
82%
Démons
79%
Taxi
71%
La Thune
70%
Je veux tes yeux
69%
Les matins
36%
Tempête
35%
Fever
34%
Libre
29%
Patrick
26%
Amour, Haine & Danger
25%
Victime des réseaux
20%
Nombreux
19%
Mauvais rêve
18%
Solo
18%
Aucun quiz correspondant
Distribution des résultats
% des personnes avec chaque résultat
Percentile par nombre de réponses
Votre historique - résultats
Vous n’avez pas pris ce quiz